1722 1779 1799 1259 1180 1230 1650 1921 1151 1235 1454 1042 1940 1348 1985 1444 1653 1067 1864 1900 1815 1562 1883 1397 1949 1910 1930 1599 1277 1791 1802 1969 1457 1906 1363 1364 1935 1644 1410 1851 1674 1762 1712 1471 1307 1251 1496 1562 1256 1272 1273 1798 1564 1024 1482 1332 1636 1759 1453 1337 1492 1869 1808 1940 1899 1683 1849 1379 1923 1386 1279 1561 1812 1261 1549 1025 1186 1027 1324 1058 1179 1394 1222 1440 1177 1551 1544 1371 1431 1621 1231 1021 1539 1412 1016 1085 1211 1223 1254 BCNSPRNW ULIB Ver.6.0+V

เปลี่ยนเป็นภาษาไทย

Change to English
 แสดงรายละเอียดบรรณานุกรม
  กลับหน้าหลัก

Brief Record : Get Marc (ISO 2709) : E-mail record : QR code < ปิดหน้าต่าง
LEADER : 00000nam 2200000uu 4500
001    13399127872
003     ULIB
008    211019s2563||||th 000 0 tha d
020    ^a9789740339595
050  4 ^aHA32^bย351ก
100 0  ^aยุทธ ไกยวรรณ์
245 10 ^aการวิเคราะห์สถิติหลายตัวแปรด้วย SPSS /^cยุทธ ไกยวรรณ์
250    ^aพิมพ์ครั้งที่ 3, ฉบับปรับปรุง
260    ^aกรุงเทพฯ :^bสำนักพิมพ์จุฬาลงกรณ์มหาวิทยาลัย,^c2563
300    ^a631 หน้า :^bภาพประกอบ +^eCD-ROM
630 04 ^aเอสพีเอสเอส (โปรแกรมคอมพิวเตอร์)
650  4 ^aสังคมศาสตร์^xระเบียบวิธีทางสถิติ^xโปรแกรมคอมพิวเตอร์
650  4 ^aสถิติ^xการประมวลผลข้อมูล
945    ^p440^l0^i008473
945    ^p440^l0^i008474
945    ^p440^l0^i008475
999    ^aประนอม เกษจรัล
รายการนี้ยังไม่มีแท็ก
คุณยังไม่ได้ล็อกอิน คุณสามารถมีกิจกรรมร่วมกับเว็บไซต์ได้ แต่ต้องล็อกอินก่อน ::
  ล็อกอิน

รายการสื่อสารสนเทศ

ลำดับที่ ประเภท เลขเรียก/บาร์โค้ด สถานที่ สถานะ
1. การศึกษาทั่วไป
หนังสือสำรอง
สถานะ=หนังสือสำรอง
HA32 ย351ก ฉ.1 
  Barcode: 008473
ห้องสมุดวิทยาเขตสวรรค์ประชารักษ์
►หนังสือทั่วไป
บนชั้น
2. การศึกษาทั่วไป
การศึกษาทั่วไป
HA32 ย351ก ฉ.2 
  Barcode: 008474
ห้องสมุดวิทยาเขตสวรรค์ประชารักษ์
►หนังสือทั่วไป
ถูกยืม กำหนดส่งวันที่ 4 มกราคม 2569
  จอง
3. การศึกษาทั่วไป
การศึกษาทั่วไป
HA32 ย351ก ฉ.3 
  Barcode: 008475
ห้องสมุดวิทยาเขตสวรรค์ประชารักษ์
►หนังสือทั่วไป
ถูกยืม กำหนดส่งวันที่ 18 มีนาคม 2567
  จอง

รายการใกล้เคียง
    ผู้แต่ง [ยุทธ ไกยวรรณ์]

BibComment


ยังไม่เคยถูกคอมเมนท์

คอมเมนท์ทรัพยากรรายการนี้
  คอมเมนท์: การวิเคราะห์สถิต..


 Copyright 2026. Bcnsprnw @Library